| 000 | 00437nam a22001457a 4500 | ||
|---|---|---|---|
| 005 | 20260303112420.0 | ||
| 008 | 260303b |||||||| |||| 00| 0 eng d | ||
| 020 | _a978-9914-44-754-5 | ||
| 100 | _aKIHWAGA, NANCY | ||
| 245 | _aOXFORD ACTIVE GEOGRAPHY: GRADE 10 LEARNER'S BOOK | ||
| 260 |
_aNAIROBI _bOXFORD UNIVERSITY PRESS _c2025 |
||
| 300 | _aIV, 196P. | ||
| 650 | _aGEOGRAPHY-TEXTBOOKS-SECONDARY EDUCATION-KENYA | ||
| 942 |
_2lcc _cBK |
||
| 999 |
_c216747 _d216747 |
||